Phương pháp dạy học tự nhiên - xã hội B

Đã lưu trong:
书目详细资料
企业作者: Trường Đại học Đồng Tháp Khoa Giáo dục Tiểu học - Mầm non
格式: 图书
出版: Đồng Tháp
主题:
标签: 添加标签
没有标签, 成为第一个标记此记录!
Thư viện lưu trữ: Trung tâm Học liệu Lê Vũ Hùng, Trường Đại học Đồng Tháp
LEADER 00787pam a22002418a 4500
001 00038691
005 20171026081025.0
008 170516s ||||||Viesd
041 0 # |a Vie 
082 1 4 |a 372.35  |b PH561PH 
110 1 # |a Trường Đại học Đồng Tháp  |b Khoa Giáo dục Tiểu học - Mầm non 
245 1 0 |a Phương pháp dạy học tự nhiên - xã hội B 
260 # # |a Đồng Tháp 
300 # # |a 36 tr.  |c 29 cm 
653 # # |a Phương pháp 
653 # # |a xã hội 
653 # # |a dạy học 
852 # # |b Kho mượn  |j KM.0021676 
852 # # |b Kho đọc  |j KD.0020658 
852 # # |j KM.0021676  |j KD.0020658 
910 |d 16/05/2017 
980 # # |a Trung tâm Học liệu Lê Vũ Hùng, Trường Đại học Đồng Tháp